| 000 | 00830nam a2200229 a 4500 | ||
|---|---|---|---|
| 001 | 000026460 | ||
| 005 | 20200930030233.0 | ||
| 008 | 110318s1981 mx r 000 0 spa d | ||
| 020 | _a9682302579 | ||
| 040 |
_aDO-SdBNP _bspa _cBNPHU |
||
| 082 |
_axxx _bG747a, 1981 |
||
| 100 | 1 |
_aGramsci, Antonio, _d1891-1937. _95232 |
|
| 245 | 1 | 0 |
_aAntología / _cAntonio Gramsci ; selección, traducción y notas de Manuel Sacristán. |
| 250 | _a6a ed. | ||
| 260 |
_aMéxico, D. F. : _bSiglo Veintiuno Editores, _c1981. |
||
| 300 |
_axvi, 520 p. ; _c21 cm. |
||
| 490 | 1 |
_aBiblioteca del pensamiento socialista. _ateoría |
|
| 500 | _aIncluye referencias bibliográficas y notas al pie de las páginas | ||
| 700 | 1 |
_aSacristán Luzón, Manuel _etr. _913751 |
|
| 830 | 0 |
_aBiblioteca del pensamiento socialista _pteoría _953521 |
|
| 049 | _aBNGR | ||
| 999 |
_c25952 _d25952 |
||